The role of consultants in offshore survey work (Record no. 98726)
[ view plain ]
| 000 -LEADER | |
|---|---|
| fixed length control field | 00570cam a2200181 4500 |
| 001 - CONTROL NUMBER | |
| control field | D10885 |
| 008 - FIXED-LENGTH DATA ELEMENTS--GENERAL INFORMATION | |
| fixed length control field | 090401t1985 xxu||||| |||| 00| 0 eng d |
| 035 ## - SYSTEM CONTROL NUMBER | |
| System control number | (Sirsi) u96926 |
| 041 ## - LANGUAGE CODE | |
| Language code of text/sound track or separate title | eng |
| 050 ## - LIBRARY OF CONGRESS CALL NUMBER | |
| Classification number | 526.902462 |
| 100 ## - MAIN ENTRY--PERSONAL NAME | |
| Personal name | Jackson, R.B. |
| 245 #4 - TITLE STATEMENT | |
| Title | The role of consultants in offshore survey work |
| 260 ## - PUBLICATION, DISTRIBUTION, ETC. | |
| Date of publication, distribution, etc. | 1985 |
| 350 ## - PRICE (NR) (BK AM CF MU VM SE) [OBSOLETE] | |
| Price | 0 |
| 520 ## - SUMMARY, ETC. | |
| Summary, etc. | In RICS Survey and mapping 85: the 2nd UK national land surveying and mapping conference and exhibition, University of Reading, 25 - 29 March 1985. (Paper B3) 1985/11 ABC |
| 942 ## - ADDED ENTRY ELEMENTS (KOHA) | |
| Suppress in OPAC | 0 |
| 948 ## - LOCAL PROCESSING INFORMATION (OCLC); SERIES PART DESIGNATOR (RLIN) | |
| c (OCLC) | 04/03/1997 |
| Withdrawn status | Lost status | Source of classification or shelving scheme | Damaged status | Not for loan | Home library | Current library | Shelving location | Date acquired | Total Checkouts | Full call number | Barcode | Date last seen | Copy number | Price effective from | Koha item type |
|---|---|---|---|---|---|---|---|---|---|---|---|---|---|---|---|
| Other/Generic Classification Scheme | London | London | RICS Boxes | 13/08/1991 | RICS 1985/11 | 30017220 | 06/08/2019 | 1 | 06/08/2019 | Book | |||||
| Other/Generic Classification Scheme | London | London | RICS Boxes | 13/08/1991 | RICS 1985/11 | 30017145 | 06/08/2019 | 2 | 06/08/2019 | Reference material |